LEADER 01323nam a2200337 u 4500 001 000000030886 003 CaOOAMICUS 005 20070226112058.0 008 970924s1991 it u000 u ita u 020 $a883114913X 035 $a10770298 040 $aPUL(R)$bita 100 1 $aKimchi, David.$0(OLS)http://pul/name/24782 245 10$aCommento ai salmi.$nI,$pSal. 1-50 /$ca cura di Luigi Cattani. 246 30$aSal. 1-50 260 $aRoma :$bCittà Nuova,$c1991. 300 $a417 p. ;$c21 cm 490 1 $aTradizione d'Israele ;$v6 500 $aContiene indici. 504 $aBibliografia: p. 7-12. 630 04$aBiblia.$pV.T.$pPsalmi.$kGruppi, scelte.$lItaliano$xCommenti.$0(OLS)http://pul/subject/17226 700 1 $aCattani, Luigi.$0(OLS)http://pul/name/12741 830 0$aTradizione d'Israele ;$v6.$0(OLS)http://pul/title/19556 850 $aPUL 852 $aPUL$W1$xSL Religione 1$y3$m7 A 23$j42674$nBK-PRI$b $qStampati$B42674$CPULBib$Z2$F42674 $H $81 941 1 $a8 961 $aINV: 66492 996 $6020$a883114913X$9(OLS)http://pul/number/38749 996 $6245$aCommento ai salmi.$nI,$pSal. 1-50$9(OLS)http://pul/title/42448 996 $6246$aSal. 1-50$9(OLS)http://pul/title/42449 996 $6260$aRoma :$bCittà Nuova$9(OLS)http://pul/publisher/47927 LEADER 01663nam a2200337 u 4500 001 000000059814 003 CaOOAMICUS 005 20070226120837.0 008 010705s1938 gw u000 u ger u 035 $a10896113 040 $aPUL(R)$bita 100 1 $aDilthey, Wilhelm,$d1833-1911.$0(OLS)http://pul/name/12607 240 10$aGesammelte Schriften$9(Dilthey, Wilhelm, 1833-1911).$0(OLS)http://pul/title/80016 245 14$aDie geistige Welt :$bEinleitung in die Philosophie des Lebens.$nZweite Halfte,$pAbhandlungen zur Poetik, Ethik und Padagogik /$cWilhelm Diltheys. 246 30$aAbhandlungen zur Poetik, Ethik und Padagogik 260 $aBerlin :$bB. G. Teubner,$c1938. 300 $a324 p. ;$c25 cm 490 1 $aGesammelte Schriften ;$v6 500 $aPaginazione varia. 504 $aBibliografia in nota. 650 4$aSpirito (filosofia).$0(OLS)http://pul/subject/17020 650 4$aPoetica.$0(OLS)http://pul/subject/5397 650 4$aEtica.$0(OLS)http://pul/subject/547 650 4$aPedagogia.$0(OLS)http://pul/subject/1507 830 0$aGesammelte Schriften ;$v6.$0(OLS)http://pul/title/80018 850 $aPUL 852 $aPUL$W1$xSL Filosofia 2$y80$mPhil D4 31.6$j77970$nBK-PRI$b $qStampati altre collocazioni$B77970$CPULBib$Z2$F77970 $H $81 941 1 $a10 996 $6245$aDie geistige Welt :$bEinleitung in die Philosophie des Lebens.$nZweite Halfte,$pAbhandlungen zur Poetik, Ethik und Padagogik$9(OLS)http://pul/title/80040 996 $6246$aAbhandlungen zur Poetik, Ethik und Padagogik$9(OLS)http://pul/title/80041 996 $6260$aBerlin :$bB. G. Teubner$9(OLS)http://pul/publisher/69850